Central Library, Doon University
WEBOPAC (ONLINE PUBLIC ACCESS CATALOGUE)

Wavelets in Soft Computing (Record no. 60201)

MARC details
000 -LEADER
fixed length control field 00476nam a22001937a 4500
005 - DATE & TIME
control field 20260202110007.0
008 - FIXED-LENGTH DATA ELEMENTS--GENERAL INFORMATION
fixed length control field 260202b |||||||| |||| 00| 0 eng d
020 ## - ISBN
International Standard Book Number 9798886131048
Price 1595.00
040 ## - CATALOGING SOURCE
Original cataloging agency Doon University
041 ## - Language
Language English
082 ## - DDC NUMBER
Classification number 006.3
Book Number THU
100 ## - MAIN ENTRY--PERSONAL NAME
Personal name Thuillard, Marc
245 ## - TITLE STATEMENT
Title Wavelets in Soft Computing
250 ## - EDITION STATEMENT
Edition statement 2nd
260 ## - PUBLICATION, DISTRIBUTION, ETC. (IMPRINT)
Place of publication, distribution, etc Singapore
Name of publisher, distributor, etc World Scientific
Date of publication, distribution, etc 2025
300 ## - PHYSICAL DESCRIPTION
Pages 297
650 ## - Subject
Subject Computer Science
942 ## - ADDED ENTRY ELEMENTS (KOHA)
Koha item type Books
100 ## - MAIN ENTRY--PERSONAL NAME
-- 26159
952 ## - LOCATION AND ITEM INFORMATION (KOHA)
-- 2026-02-02
952 ## - LOCATION AND ITEM INFORMATION (KOHA)
-- 2026-02-02
952 ## - LOCATION AND ITEM INFORMATION (KOHA)
-- 2026-02-02
Holdings
Withdrawn status Lost status Source of classification or shelving scheme Damaged status Not for loan Location (home branch) Sublocation or collection (holding branch) Date acquired Koha issues (times borrowed) Koha full call number Accession No. Koha date last seen Koha item type
          Doon University Doon University 02.02.2026   006.3 THU 51905 02.02.2026 Books
          Doon University Doon University 02.02.2026   006.3 THU 51906 02.02.2026 Books
          Doon University Doon University 02.02.2026   006.3 THU 51907 02.02.2026 Books
Contact : +91-135-2533126 (Library),+91-135-2533105 (Admin Office) , Email : doonlibrary@gmail.com

Powered by Koha